Electric machinery and transformers (Record no. 440)

000 -LEADER
fixed length control field 00469nam a2200193 4500
001 - CONTROL NUMBER
control field 440
003 - CONTROL NUMBER IDENTIFIER
control field BD-DhUET
008 - FIXED-LENGTH DATA ELEMENTS--GENERAL INFORMATION
fixed length control field 140721b xxu||||| |||| 00| 0 eng d
020 ## - INTERNATIONAL STANDARD BOOK NUMBER
International Standard Book Number 81203007755
040 ## - CATALOGING SOURCE
Transcribing agency 0
Modifying agency BD-DhUET
082 ## - DEWEY DECIMAL CLASSIFICATION NUMBER
Classification number 623.1042
Item number KOS/1991
100 ## - MAIN ENTRY--PERSONAL NAME
Personal name Kosow, Irving L.
245 ## - TITLE STATEMENT
Title Electric machinery and transformers
250 ## - EDITION STATEMENT
Edition statement 2nd ed.
260 ## - PUBLICATION, DISTRIBUTION, ETC. (IMPRINT)
Place of publication, distribution, etc. New Delhi
Name of publisher, distributor, etc. Prentice-Hall
Date of publication, distribution, etc. 1991
300 ## - PHYSICAL DESCRIPTION
Extent xiv,626p.
650 #0 - SUBJECT ADDED ENTRY--TOPICAL TERM
Topical term or geographic name as entry element Electric machinery
942 ## - ADDED ENTRY ELEMENTS (KOHA)
Koha item type General Book
Holdings
Koha item type Koha full call number Damaged status Koha issues (times borrowed) Shelving location Price effective from Sublocation or collection (holding branch) Piece designation (barcode) Koha normalized classification for sorting Date acquired Source of classification or shelving scheme Koha date last seen Koha date last borrowed Withdrawn status Not for loan Location (home branch) Lost status Copy number
General Book623.1042/KOS/1991  Circulation section2014-07-21Central Library, BUET103680623_104200000000000_KOS_19912014-07-21 2014-07-21   Central Library, BUET 1
General Book623.1042/KOS/1991  Circulation section2014-07-21Central Library, BUET103681623_104200000000000_KOS_19912014-07-21 2016-12-07   Central Library, BUET 2
General Book623.1042/KOS/1991 1Circulation section2014-07-21Central Library, BUET103682623_104200000000000_KOS_19912014-07-21 2021-12-152021-12-05  Central Library, BUET 3
General Book623.1042/KOS/1991  Circulation section2014-07-21Central Library, BUET103683623_104200000000000_KOS_19912014-07-21 2014-07-21   Central Library, BUET 4
General Book623.1042/KOS/1991  Circulation section2014-07-21Central Library, BUET103684623_000000000000000_1042KOS1992014-07-21 2014-07-21   Central Library, BUET 5
General Book623.1042/KOS/1991  Circulation section2014-07-21Central Library, BUET103685623_104200000000000_KOS_19912014-07-21 2014-07-21   Central Library, BUET 6
General Book623.1042/KOS/1991  Circulation section2014-07-21Central Library, BUET103686623_104200000000000_KOS_19912014-07-21 2014-07-21   Central Library, BUET 7
General Book623.1042/KOS/1991  Circulation section2014-07-21Central Library, BUET103688623_000000000000000_1042KOS1992014-07-21 2016-11-29   Central Library, BUET 8
General Book623.1042/KOS/1991  Circulation section2014-07-21Central Library, BUET103689623_104200000000000_KOS_19912014-07-21 2017-03-11   Central Library, BUET 9